COURS 9:Histoire politique de la France 1946-1974 - Statistiques

Statistiques générales
  • Ce quiz a été pris 31 fois
    14 depuis la dernière actualisation
  • Le résultat moyen est 8 sur 46
Statistiques - réponses
Hint Réponse % Correct
Reconnaissance RPC 1964
50%
Retrait du commandement intégré de l'OTAN 1966
50%
Loi Neurwith 1967
50%
Élection de Pompidou 1969
50%
Toussaint rouge 1 novembre 1954
40%
De Gaulle présente la nouvelle constitution 4 Septembre 1958
30%
DATAR 1963
22%
Sorbonne occupée 3 mai 1968
22%
(la France reconnaît) indépendance de l'Algérie 5 juillet 1962
22%
Putsch d'Alger 13 Mai 1958
20%
Discours de Bayeux 16 Juin 1946
20%
Accords d'Évian 18 Mars 1962
20%
Le Redoutable 1967
20%
Union de la gauche 1972
20%
Attentat du Petit Clamart 22 aout 1962
20%
Putsch des généraux à Alger 22 Avril 1961
20%
Contestations à Nanterre 22 mars 1968
20%
Accords de Grenelle 27 mai 1968
20%
Mort de Pompidou 2 avril 1974
20%
Dien Bien Phu 7 mai 1954
20%
Accords de Genève juillet 1954
20%
Veto sur l'entrée de la GB dans l'Europe 1963 et 1967
11%
Concile de Vatican II 1965
11%
Statut de l'Algérie 20 septembre 1947
11%
Intervention radio de de Gaulle 30 mai 1968
11%
Fin du tripartisme, renvoi des ministres 5 Mai 1947
11%
Référendum sur l'autodétermination en Algérie janvier 1961
11%
Guy Mollet obtient les pouvoirs spéciaux 12 mars 1956
10%
De Gaulle se tient "prêt à assumer les pouvoirs de la République" 15 Mai 1958
10%
Création du ministère de l'Algérie 1956
10%
attentats de l'OAS 1961-1962
10%
Concorde 1962
10%
Première élection au SUD 1965
10%
Airbus 1967
10%
Réferendum sur une nouvelle constitution 1969
10%
La nouvelle société de Chaban Delmas 1969-1972
10%
Investiture de de Gaulle 1 Juin 1958
10%
Promulgation de la IVe République 27 Octobre 1946
10%
Référendum pour l'élection du président au SU 28 Octobre 1962
10%
Référendum pour l'adoption de la nouvelle constitution 28 Septembre 1958
10%
De Gaulle reçoit les pleins pouvoirs 2 Juin 1958
10%
Révolte des étudiants du quartier latin 6 Mai 1968
10%
Non ratification du projet de CED Aout 1954
10%
Création du RPF Avril 1947
10%
Gerboise Bleue février 1960
10%
Congrès d'épinay juin 1971
10%
PMF président du Conseil 18 juin 1954
0%
Aucun quiz correspondant
Distribution des résultats
% des personnes avec chaque résultat
Percentile par nombre de réponses
Votre historique - résultats
Vous n’avez pas pris ce quiz depuis la dernière actualisation